| 000 | 01175cam a22003137a 4500 | ||
|---|---|---|---|
| 001 | 1288 | ||
| 005 | 20230811092028.0 | ||
| 008 | 080813s2009 xna j 000 1 eng | ||
| 020 | _a9780545135702 | ||
| 020 | _a0545135702 | ||
| 040 |
_aDLC _cDLC _beng |
||
| 050 | 0 | 0 |
_aPZ7.L558 _bSw 2009 |
| 082 | 0 | 0 |
_a[Fic] _223 |
| 100 | 1 | _aLerangis, Peter. | |
| 245 | 1 | 4 |
_aThe sword thief / _cPeter Lerangis. |
| 250 | _a1st ed. | ||
| 260 |
_aNew York : _bScholastic, _c2009. |
||
| 300 |
_a160 pages : _c20 cm. _bIllustrations ; |
||
| 490 | 1 |
_aThe 39 clues ; _v3 |
|
| 500 | _aIncludes six game cards. | ||
| 505 | _aQ | ||
| 520 | _aAmy and Dan Cahill have been located once again, this time in the company of the notoriously unreliable Alistair. Spies report that Amy and Dan seem to be tracking the life of one of the most powerful fighters the world has ever known. If this fearsome warrior was a Cahill, his secrets are sure to be well-guarded. | ||
| 521 |
_a660
_bLexile |
||
| 521 |
_aQ
_bRaz-Plus |
||
| 650 | 0 | _aCode and cipher stories. | |
| 655 | 0 | _aDetective and mystery stories. | |
| 906 |
_a7 _bcbc _corigres _d2 _encip _f20 _gy-gencatlg |
||
| 942 |
_2ddc _cBK _n0 |
||
| 999 |
_c1288 _d1288 |
||